01016nam a2200229 a 450000100100000000500170001000800410002704000250006808200190009310000270011224501160013926000510025530000280030649000510033450000320038550400730041750000870049065000490057765100520062670000560067883000520073400002624020250217091458.0110307s1978 dr a 000 0 spa d aDO-SdBNPbspacBNPHU a277.293bP762h aPolanco Brito, Hugo E.10aHistoria de la parroquia de Santa Ana /cHugo Eduardo Polanco Brito ; prólogo Nicolás de Jesús López R. aSan Francisco de Macorís :bTele-3,c[1978]. a226 p. :bil. ;c21 cm.1 aDocumentos eclesiásticos de Santo Domingov2 aIncluye índice alfabetico aIncluye referencias bibliográficas y notas al pie de las páginas aCreación de la ayuda de parroquia de Santa Ana de San Francisco de Macoris 1813. 4aParroquiaszRepública DominicanaxHistoria 4aRepública DominicanaxHistoria Eclesiástica12a López Rodríguez, Nicolás de Jesús, d1936- 0aDocumentos eclesiásticos de Santo Domingo:p2